000 00305nam a22001337a 4500
008 170713b xxu||||| |||| 00| 0 eng d
020 _a9780198751557
041 _aeng
080 _a101
100 _a24
101 _aFIL
245 _aTHE PHILOSOPHY OF ARTIFICIAL LIFE
_cBODEM.M.A
942 _2udc
_cBK
999 _c20603
_d20603